Отчет о состоянии и деятельности Императорского С.-Петербургского университета... за весеннее полугодие 1916 года (Запись № 13423749)

Подробности
000 -МАРКЕР
контрольное поле 01954nam2a22003731 4500
001 - ИДЕНТИФИКАТОР ЗАПИСИ
контрольное поле RU\NLR\CVI\004631561
005 - ИДЕНТИФИКАТОР ВЕРСИИ
контрольное поле 20260406100528.0
035 ## - ДРУГИЕ СИСТЕМНЫЕ НОМЕРА
Идентификатор записи (NLR Aleph) 004631561
035 ## - ДРУГИЕ СИСТЕМНЫЕ НОМЕРА
Идентификатор записи v19\rc\1505596
100 ## - ДАННЫЕ ОБЩЕЙ ОБРАБОТКИ
Данные общей обработки 20060620d1916 |||y0rusy50 ca
101 0# - ЯЗЫК РЕСУРСА
Язык текста, звукозаписи и т.д. русский
102 ## - СТРАНА ПУБЛИКАЦИИ ИЛИ ПРОИЗВОДСТВА
Страна публикации Российская Федерация
105 ## - ПОЛЕ КОДИРОВАННЫХ ДАННЫХ: ТЕКСТОВЫЕ МАТЕРИАЛЫ, МОНОГРАФИЧЕСКИЕ
Кодированные данные о монографическом текстовом документе y z |||h|
200 0# - ЗАГЛАВИЕ И СВЕДЕНИЯ ОБ ОТВЕТСТВЕННОСТИ
Основное заглавие за весеннее полугодие 1916 года
Сведения, относящиеся к заглавию С прил. актовой речи проф. Д.К. Петрова
Первые сведения об ответственности Сост. проф. В.В. Бартольд
210 ## - ПУБЛИКАЦИЯ, РАСПРОСТРАНЕНИЕ И ДР.
Дата издания, распространения и т.д. 1916
215 ## - ФИЗИЧЕСКАЯ ХАРАКТЕРИСТИКА
Специфическое обозначение материала и объем [2], 235 с.
461 #0 - УРОВЕНЬ НАБОРА
Встроенное поле 001v19\rc\1505570
-- 2001#$aОтчет о состоянии и деятельности Императорского С.-Петербургского университета...$vза весеннее полугодие 1916 года
Системный номер (АБИС) связанной записи 3173760
Автор Петербургский университет
Место публикации Санкт-Петербург
Дата публикации 1846-1916
Заглавие Отчет о состоянии и деятельности Императорского С.-Петербургского университета...
Номер тома за весеннее полугодие 1916 года
464 #0 - АНАЛИТИЧЕСКИЙ УРОВЕНЬ
Встроенное поле 2001#$aАктовая речь профессора Д.К. Петрова
-- 701#1$aПетров$bД.К.$f1872-1925$gДмитрий Константинович
Заглавие Актовая речь профессора Д.К. Петрова
702 #1 - ИМЯ ЛИЦА - ВТОРИЧНАЯ ОТВЕТСТВЕННОСТЬ
Код отношения Составитель
Графика поля Кириллица
Материалы, к которым относится поле rus
Начальный элемент ввода Бартольд
Часть имени, кроме начального элемента ввода В. В.
Даты 1869-1930
Расширение инициалов личного имени Василий Владимирович
Системный номер авторитетной/нормативной записи 59685
Идентификатор авторитетной/нормативной записи RU\NLR\AUTH\7776757
801 #0 - ИСТОЧНИК ЗАПИСИ
Страна Российская Федерация
Организация NLR
Правила каталогизации psbo
801 #0 - ИСТОЧНИК ЗАПИСИ
Страна Российская Федерация
Организация RuMoRGB
Источник данных psbo
801 #1 - ИСТОЧНИК ЗАПИСИ
Страна Российская Федерация
Организация ProSoft-M
Источник данных rusmarc
852 ## - МЕСТОНАХОЖДЕНИЕ И ШИФР ХРАНЕНИЯ
Идентификатор организации NLR
Шифр хранения (Call Number) КрI-1710/1916
852 ## - МЕСТОНАХОЖДЕНИЕ И ШИФР ХРАНЕНИЯ
Идентификатор организации NLR
Шифр хранения (Call Number) 38.31.11.1(10)
852 ## - МЕСТОНАХОЖДЕНИЕ И ШИФР ХРАНЕНИЯ
Идентификатор организации NLR
Шифр хранения (Call Number) 105/411
899 ## - ДАННЫЕ О МЕСТОНАХОЖДЕНИИ (устаревшее)
Местонахождение RuMoRGB (1846-1916*)
Шифр хранения E 46/291
899 ## - ДАННЫЕ О МЕСТОНАХОЖДЕНИИ (устаревшее)
Местонахождение RuMoRGB (1846-1916*)
Шифр хранения T 94/33
899 ## - ДАННЫЕ О МЕСТОНАХОЖДЕНИИ (устаревшее)
Местонахождение RuMoRGB (1846-1916*)
Шифр хранения U 131/635
899 ## - ДАННЫЕ О МЕСТОНАХОЖДЕНИИ (устаревшее)
Местонахождение БАН (1882-1916*)
942 ## - ДОПОЛНИТЕЛЬНЫЕ ЭЛЕМЕНТЫ ЗАПИСИ (АБИС)
Тип экземпляра АБИС Книга
980 ## - КОЛЛЕКЦИЯ
Название коллекции Национальная библиография
980 ## - КОЛЛЕКЦИЯ
Название коллекции Крачковский

Нет доступных экземпляров.